000 00339nam a2200133Ia 4500
999 _c15530
_d15530
082 _aRS.0166
100 _aSurjit Mansingh
245 0 _aIndia's search for power : Indira Gandhi's foreign policy
260 _c0
_bICSSR, New Delhi
300 _av.p.
650 _aINDIA - FOREIGN RELATIONS
650 _aGANDHI, INDIRA
942 _cRP
_2ddc